000 00936nam a2200241 i 4500
001 15844
003 ES-MaACL
005 20230906151152.0
007 t|
008 000508s1993 sp ||||1| spa d
020 _a84-604-8515-3
080 _a338.2(460)"1931/39"
080 _a338.1(460)"19"
100 1 _aPerpiñá, Román.
_991329
245 1 0 _aDe economía hispana y otros ensayos /
_cRomán Perpiñá Grau ; [introducción, por Jordi Palafox].
260 _a[Madrid] :
_bFundación Fondo para la Investigación Económica y Social de la Confederación Española de Cajas de Ahorros,
_cD.L. 1993.
300 _aLVII, 251 p. ;
_c24 cm.
651 4 _aEspaña-
_xPolítica económica-
_y1931-1939.
_98406
651 4 _aEspaña-
_xSituación económica-
_yS.XX.
_98505
700 1 _aPalafox, Jordi.
_988450
710 2 _aFundación Fondo para la Investigación Económica y Social.
_94305
852 _aES-MaACL
_jL-23096
_bR.122584
999 _c15844
_d15844